01507nam a2200349 a 4500001001000000003000500010005001700015008004100032010001100073011001100084040000900095090001000104100002900114245018900143260004100332500006000373502006300433590003700496590004100533590004000574590004000614650005100654650005800705856001600763856007000779901000700849942001000856942000600866999001900872952013100891952013501022000113727CHAP20220329144410.0170912s2017 mx sm |||||||spa d a110188 a111160 cCHAP aTesis00aAmaya Quiroz, Luis9518210aInnvaciones para producción de hule (Hevea brasiliensis) y certificación ISO 9000 para una benificiadora de hule en la región del Papaloapanh[En línea]cpor Luis Amaya Quiroz. aChapingo, Méx. :bEl autor,c2017. aPara ver el contenido del material haga clic en la liga aTesis (M. en Estrategia Agroempresarial) -- UACH. CIESTAAM aBATCHb00c20181121lUCH01h0758 aE11695DGDb10c20170918lUCH01h0928 aE6337LMJb05c20170912lUCH01h1412 aE6337LMJb05c20170912lUCH01h141314aHevea brasiliensisxNormas de calidad.913322814aHevea brasiliensisxTecnología postcosecha.9133229 a1 n0000330 aFinding aiduhttp://10.13.5.2/tesis/sist113727.pdfzTeclea aquí aBK cTESIS n0 c110188d110188 00104054718TESISaBCbBCd2017-09-12fTESISl0oTesisp113729-10r2019-12-31 00:00:00w2019-12-31yTESISzRecien adquirido 00102local4053708TESISaBCbBCcPA_TESISd2017-09-12fTESISl0oTesisp113729-20r2019-12-31 00:00:00tc.2w2019-12-31yTESIS